<?xml version="1.0" encoding="UTF-8"?>
<collection xmlns="http://www.loc.gov/MARC21/slim">
<record>
  <controlfield tag="001">2077</controlfield>
  <controlfield tag="005">20160701171658.0</controlfield>
  <datafield tag="024" ind1="7" ind2=" ">
    <subfield code="a">10.1051/0004-6361:20041527</subfield>
    <subfield code="2">DOI</subfield>
  </datafield>
  <datafield tag="037" ind1=" " ind2=" ">
    <subfield code="a">ASTROimport-234</subfield>
  </datafield>
  <datafield tag="100" ind1=" " ind2=" ">
    <subfield code="a">Freyhammer, L. M.</subfield>
  </datafield>
  <datafield tag="260" ind1=" " ind2=" ">
    <subfield code="c">2005</subfield>
  </datafield>
  <datafield tag="245" ind1=" " ind2=" ">
    <subfield code="a">The ß Cephei variable in the eclipsing binary HD 92024. I. Determination of the orbit</subfield>
  </datafield>
  <datafield tag="520" ind1=" " ind2=" ">
    <subfield code="a">HD 92024 is a member of the open cluster NGC 3293; it is the only eclipsing binary system with a ß Cephei component known in the southern hemisphere. This paper presents the first spectroscopic analysis of the single-lined binary and provides an orbital analysis based on recent high-resolution spectroscopy and photometry. A procedure to derive orbital elements with minimal influence of the pulsational line-profile variations on the radial velocities is applied, and we find the stellar masses to be 15.0+3.0-4.0 M? and 3.0±0.5 M? respectively, and radii of 8.4±0.8 R?, 2.1±0.4 R?. The temperatures are 25 500±500 K and 12 500±1000 K. The surface gravity values of log g= 3.77±0.08 and 4.27±0.18 indicate that the binary consists of an evolved early B-type primary and a late-B main sequence companion. The resulting distance 2.8±0.3 kpc and systemic velocity -16 km s-1 confirm cluster membership. Theoretical stellar models indicate an age of 10-13 Myr, somewhat higher than the literature value for the brightest members of NGC 3293. Based on observations made with ESO Telescopes at the La Silla Observatory, Chile, under programmes 66.D-0297, 67.D-0023, 68.D-028, and with the Strömgren Automatic Telescope, La Silla. </subfield>
  </datafield>
  <datafield tag="700" ind1=" " ind2=" ">
    <subfield code="a"> Hensberge, H.</subfield>
  </datafield>
  <datafield tag="700" ind1=" " ind2=" ">
    <subfield code="a"> Sterken, C.</subfield>
  </datafield>
  <datafield tag="700" ind1=" " ind2=" ">
    <subfield code="a"> Pavlovski, K.</subfield>
  </datafield>
  <datafield tag="700" ind1=" " ind2=" ">
    <subfield code="a"> Smette, A.</subfield>
  </datafield>
  <datafield tag="700" ind1=" " ind2=" ">
    <subfield code="a"> Ilijic, S.</subfield>
  </datafield>
  <datafield tag="773" ind1=" " ind2=" ">
    <subfield code="p">Astronomy and Astrophysics</subfield>
    <subfield code="v">429</subfield>
    <subfield code="y">2005</subfield>
    <subfield code="c">631-643</subfield>
  </datafield>
  <datafield tag="856" ind1="4" ind2="2">
    <subfield code="a">http://esoads.eso.org/abs/2005A%26A...429..631F</subfield>
  </datafield>
  <datafield tag="905" ind1=" " ind2=" ">
    <subfield code="a">published in</subfield>
  </datafield>
  <datafield tag="980" ind1=" " ind2=" ">
    <subfield code="a">REFERD</subfield>
  </datafield>
</record>
</collection>